| 000 | 00350nam a2200145Ia 4500 | ||
|---|---|---|---|
| 008 | 150201s1995 xx 000 0 und d | ||
| 082 |
_a610 _bA1995A |
||
| 100 | _aAHMADI,A.M. | ||
| 245 | _aAIDS LAE & HUMANITY | ||
| 250 | _a1 | ||
| 260 |
_bTHE INDIAN LAW INSTITUTE _aDELHI _c1995 |
||
| 300 | _a1-520 | ||
| 650 | _aGENERAL DENTISTRY | ||
| 942 |
_2ddc _cBK |
||
| 999 |
_c3290 _d3290 |
||